Tours rapides F1 - Statistiques

Statistiques générales
  • Ce quiz a été pris 32 fois
  • Le résultat moyen est 30 sur 79
Statistiques - réponses
Tours rapides Pilotes Pays % Correct
68 Lewis Hamilton Royaume-uni
100%
35 Max Verstappen Pays-Bas
96%
41 Alain Prost France
93%
77 Michael Schumacher Allemagne
93%
8 Ralf Schumacher Allemagne
93%
26 Fernando Alonso Espagne
85%
3 Pierre Gasly France
85%
38 Sebastian Vettel Allemagne
85%
19 Valtteri Bottas Finlande
85%
46 Kimi Raikkonen Finlande
81%
19 Ayrton Senna Brésil
78%
1 Bruno Senna Brésil
78%
10 Charles Leclerc Monaco
78%
24 Niki Lauda Autriche
78%
1 Esteban Ocon France
74%
18 Lando Norris Royaume-Uni
74%
25 Mika Häkkinen Finlande
74%
10 George Russell Royaume-Uni
70%
8 Oscar Piastri Australie
70%
1 Yuki Tsunoda Japon
67%
4 Carlos Sainz Jr Espagne
63%
17 Daniel Ricciardo Australie
63%
12 Sergio Perez Mexique
63%
8 Gilles Villeneuve Canada
59%
9 Jacques Villeneuve Canada
59%
8 Jenson Button Royaume-Uni
59%
2 Nico Hulkenberg Allemagne
59%
19 Mark Webber Australie
56%
17 Rubens Barrichello Brésil
56%
3 Keke Rosberg Finlande
52%
3 Kevin Magnussen Danemark
52%
20 Nico Rosberg Allemagne
52%
30 Nigel Mansell Royaume-Uni
52%
19 Damon Hill Royaume-Uni
48%
15 Felipe Massa Brésil
48%
4 Jean Alesi France
41%
3 Kimi Antonelli Italie
37%
1 Romain Grosjean France
37%
12 Juan Pablo Montoya Colombie
33%
23 Nelson Piquet Brésil
33%
1 Robert Kubica Pologne
33%
2 Guanyu Zhou Chine
26%
1 Kamui Kobayashi Japon
26%
1 Daniil Kvyat Russie
22%
21 Gerhard Berger Autriche
22%
1 Jarno Trulli Italie
22%
13 Alan Jones Australie
19%
1 Eddie Irvine Royaume-Uni
15%
1 Esteban Gutiérrez Mexique
15%
6 Heinz-Harald Frentzen Allemagne
15%
7 Jacques Laffite France
15%
12 René Arnoux France
15%
13 Riccardo Patrese Italie
15%
1 Andrea de Cesaris Italie
11%
6 Carlos Reutemann Argentine
11%
5 Didier Pironi France
11%
2 Giancarlo Fisichella Italie
11%
1 Pedro de la Rosa Espagne
11%
1 Thierry Boutsen Belgique
11%
1 Adrian Sutil Allemagne
7%
1 Alexander Wurz Autriche
7%
2 Heikki Kovalainen Finlande
7%
2 Nick Heidfeld Allemagne
7%
2 Patrick Tambay France
7%
1 Vitaly Petrov Russie
7%
18 David Couthard Royaume-Uni
4%
5 John Watson Royaume-Uni
4%
5 Michele Alboreto Italie
4%
1 Satoru Nakajima Japon
4%
2 Alessandro Nannini Italie
0%
1 Bertrand Gachot Belgique
0%
1 Brian Henton Royaume-Uni
0%
2 Derek Warwick Royaume-Uni
0%
1 Jonathan Palmer Royaume-Uni
0%
1 Marc Surer Suisse
0%
1 Maurício Gugelmin Brésil
0%
1 Roberto Moreno Brésil
0%
2 Teo Fabi Italie
0%
1 Timo Glock Allemagne
0%
Aucun quiz correspondant
Distribution des résultats
% des personnes avec chaque résultat
Percentile par nombre de réponses
Votre historique - résultats
Vous n’avez pas pris ce quiz